| 000 | 00753cab a2200253 4500 | ||
|---|---|---|---|
| 001 | WB3506-55 | ||
| 008 | 090401t1999 xxu||||| |||| 00| 0 eng d | ||
| 035 | _a(Sirsi) u91278 | ||
| 041 | _aeng | ||
| 245 | _aRadio masts | ||
| 260 | _c1999 | ||
| 350 | _a0 | ||
| 490 |
_aSouth East Farmer _vFebruary 1999, 22(1) |
||
| 520 | _aWarns that landowners should seek specialist professional advice for any agreement to site a mobile phone radio mast on their land, in order to secure future income from the site. | ||
| 650 | _aAGREEMENTS | ||
| 650 | _aMOBILE PHONE MASTS | ||
| 650 | _aPROFESSIONAL ADVICE | ||
| 650 | _aRADIO MASTS | ||
| 650 | _aRENTS | ||
| 650 | _aSITE SHARING | ||
| 690 | _aRURAL PRACTICE | ||
| 942 | _n0 | ||
| 948 | _c12/02/1999 | ||
| 999 |
_c57927 _d57927 |
||